| 000 | 00443nam a22001697a 4500 | ||
|---|---|---|---|
| 082 |
_a553.516 _bVAL _cL-15, P-7.: |
||
| 100 |
_aValton. P.A. _940310 |
||
| 245 |
_aLimestone Roads _cLondon |
||
| 250 | _a2nd | ||
| 260 |
_aLondon _bChapman & Hall ltd. London _c1947 |
||
| 300 | _aviii, 112 p.: | ||
| 526 |
_a0 _b0 _c0 _d553_516000000000000_VAL |
||
| 650 |
_aIll _940311 |
||
| 650 |
_aMCE _9379 |
||
| 700 |
_aP.A. Valton _940312 |
||
| 942 |
_2ddc _cBK |
||
| 999 |
_c544635 _d544635 |
||